LEADER 00997nam0 2200265 450 001 000014088 005 20080707084858.0 100 $a20080707d1980----km-y0itay50------ba 101 0 $aita 102 $aIT 105 $ay-------001yy 200 1 $a<>spesa dello Stato per attività culturali in Italia$esotto gli auspici della Commissione nazionale per le attrezzature culturali$fGiuseppe Campa, Bruno Bises 210 $aMilano$cGiuffrè$dstampa 1980 215 $aVII, 137 p.$d23 cm 225 2 $aQuaderni del Centro A. Beneduce 410 0$12001$aQuaderni del Centro A. Beneduce 610 1 $aSpese pubbliche per attività culturali$aItalia$a1971-1976 676 $a336$v18$9Finanza pubbica, tributi 700 1$aCampa,$bGiuseppe$0108732 701 1$aBises,$bBruno$0253786 801 0$aIT$bUNIPARTHENOPE$c20080707$gRICA$2UNIMARC 912 $a000014088 951 $a323/141$bfotocopie$cNAVA2 996 $aSpesa dello Stato per attività culturali in Italia$91037595 997 $aUNIPARTHENOPE